020_ Personnalités nées un 20 janvier par images - Statistiques

Statistiques générales
  • Ce quiz a été pris 59 fois
  • Le résultat moyen est 4 sur 9
Statistiques - réponses
Par images Hint Réponse % Correct
Acteur Omar Sy
100%
Chanteur Benjamin Biolay
65%
Homme d'affaires et Pédocriminel Jeffrey Epstein
63%
Astronaute Buzz Aldrin
47%
Footballeur Wesley Fofana
39%
Réalisateur David Lynch
33%
Humoriste GuiHome
16%
Scientifique André-Marie Ampère
4%
Reine Mathilde d'Udekem d'Acoz
2%
Aucun quiz correspondant
Distribution des résultats
% des personnes avec chaque résultat
Percentile par nombre de réponses
Votre historique - résultats
Vous n’avez pas pris ce quiz